000 00273nam a22001337a 4500
008 170920b xxu||||| |||| 00| 0 eng d
020 _a9788434310018
041 _aeng
080 _a7
100 _a44
101 _aART
245 _aTAPIES
_cTAPIES, A
942 _2udc
_cBK
999 _c28393
_d28393